New sounds for woodwind /

Bibliographic Details
Main Author: Bartolozzi, Bruno
Other Authors: Brindle, Reginald Smith, 1917-2003
Format: Book
Language:English
Italian
Published: London, New York : Oxford University Press, 1974 printing.
Subjects:

MARC

Tag First Indicator Second Indicator Subfields
LEADER 00000cam a22000001 4500
001 in00000039669
005 20151007064519.0
008 700608s1967 enkagm b 00000 eng d
010 |a  68000384  
020 |a 0193186071 
035 |a (OCoLC)00178226 
035 |9 AAE0006AM 
040 |a DLC  |c DLC  |d TXA  |d UtOrBLW 
041 1 |a eng  |a ita 
049 |a TXAM  |c [1497606] 
050 0 0 |a MT339.B29  |b N5 
082 0 |a 788/.05/0712 
090 |a MT339.B29  |b N5 1974 
100 1 |a Bartolozzi, Bruno. 
245 1 0 |a New sounds for woodwind /  |c Translated and edited by Reginald Smith Brindle. 
264 1 |a London,  |a New York :  |b Oxford University Press,  |c 1974 printing. 
264 4 |c ©1967 
300 |a 78 pages :  |b illustrations, music and phonodisc (2 s. 7 in. 33 1/3 rpm. microgroove) in pocket. ;  |c 22 cm. 
336 |a text  |b txt  |2 rdacontent 
337 |a unmediated  |b n  |2 rdamedia 
338 |a volume  |b nc  |2 rdacarrier 
500 |a "Collage; examples of music for each instrument as recorded on the accompanying disc": pages 68-78. 
504 |a Includes bibliographical references. 
650 0 |a Wind instruments  |x Instruction and study. 
700 1 |a Brindle, Reginald Smith,  |d 1917-2003. 
999 |a MARS 
999 f f |s 1b3c9b58-fc15-3fa2-8826-5e1f30c2a279  |i c868b19b-d24f-360e-b194-a2458f051a9c  |t 0 
952 f f |p ric  |a Texas A&M University  |b Rellis Campus  |c Joint Library Facility  |d Remote Storage  |t 0  |e MT339.B29 N5 1974  |h Library of Congress classification  |i unmediated -- volume  |m A14803372819 
998 f f |a MT339.B29 N5 1974  |t 0  |l Remote Storage